[Event "WYCC 2018 O18"]
[Site "Halkidiki"]
[Date "2018.10.21"]
[Round "3"]
[White "Tsomaia, Nikoloz"]
[Black "Muha, Miljenko"]
[Result "1-0"]
[WhiteElo "2201"]
[BlackElo "2365"]
[Annotator "ChessBase"]
[PlyCount "119"]
[EventDate "2018.10.20"]
[EventType "swiss"]
[EventCountry "GRE"]
[SourceTitle "playchess.com"]
[Source "ChessBase"]
[SourceQuality "1"]
[TimeControl "40/5400+30:1800+30"]

1. e4 {[%emt 0:00:00]} c6 {[%emt 0:00:00]} 2. d3 {[%emt 0:00:16]} d5 {[%emt 0:00:14]} 3. Nd2 {[%emt 0:00:03]} e5 {[%emt 0:00:28]} 4. Ngf3 {[%emt 0:00:03]} Bd6 {[%emt 0:00:38]} 5. Qe2 {[%emt 0:00:04]} Qe7 {[%emt 0:09:21]} 6. d4 {[%emt 0:01:17]} exd4 {[%emt 0:01:16]} 7. exd5 {[%emt 0:00:14]} Nf6 {[%emt 0:05:46]} 8. Qxe7+ {[%emt 0:20:31]} Kxe7 {[%emt 0:00:23]} 9. dxc6 {[%emt 0:02:46]} Nxc6 {[%emt 0:09:01]} 10. Bb5 {[%emt 0:00:17]} Bc5 {[%emt 0:12:26]} 11. Bxc6 {[%emt 0:20:27]} bxc6 {[%emt 0:00:11]} 12. O-O {[%emt 0:08:47]} Rd8 {[%emt 0:03:19]} 13. Ne5 {[%emt 0:14:43]} Bb7 {[%emt 0:01:34]} 14. Nd3 {[%emt 0:00:41]} Bb6 {[%emt 0:01:47]} 15. b3 {[%emt 0:00:21]} Kf8 {[%emt 0:02:15]} 16. Ba3+ {[%emt 0:01:12]} Kg8 {[%emt 0:00:02]} 17. Be7 {[%emt 0:00:54]} Re8 {[%emt 0:00:59]} 18. Bxf6 {[%emt 0:00:12]} gxf6 {[%emt 0:00:02]} 19. Rfe1 {[%emt 0:00:11]} Rad8 {[%emt 0:14:34]} 20. Nc4 {[%emt 0:03:24]} Bc7 {[%emt 0:01:25]} 21. h3 {[%emt 0:00:25]} Kf8 {[%emt 0:01:04]} 22. Kf1 {[%emt 0:00:07]} Bc8 {[%emt 0:01:08]} 23. Nb4 {[%emt 0:01:39]} Bb7 {[%emt 0:00:50]} 24. Rxe8+ {[%emt 0:01:23]} Kxe8 {[%emt 0:01:22]} 25. Rd1 {[%emt 0:01:09]} a5 {[%emt 0:03:01]} 26. Nd3 {[%emt 0:00:08]} Rd5 {[%emt 0:00:38]} 27. a4 {[%emt 0:00:59]} Bc8 {[%emt 0:02:52]} 28. Nd2 {[%emt 0:01:53]} Ba6 {[%emt 0:01:09]} 29. Ne4 {[%emt 0:01:10]} Ke7 {[%emt 0:01:40]} 30. Re1 {[%emt 0:00:29]} Re5 {[%emt 0:00:20]} 31. Re2 {[%emt 0:02:44]} Re6 {[%emt 0:02:37]} 32. Ke1 {[%emt 0:00:53]} f5 {[%emt 0:00:54]} 33. Nec5 {[%emt 0:00:43]} Rxe2+ {[%emt 0:00:08]} 34. Kxe2 {[%emt 0:00:03]} Bc8 {[%emt 0:00:05]} 35. Ne1 {[%emt 0:02:13]} Kd6 {[%emt 0:01:31]} 36. Ncd3 {[%emt 0:00:07]} c5 {[%emt 0:01:20]} 37. Nb2 {[%emt 0:01:00]} Kd5 {[%emt 0:00:41]} 38. Nc4 {[%emt 0:00:17]} Ba6 {[%emt 0:02:14]} 39. Kd3 {[%emt 0:00:04]} Ke6 {[%emt 0:01:39]} 40. Nf3 {[%emt 0:00:00]} Bb7 {[%emt 0:00:00]} 41. Na3 {[%emt 0:08:31]} Be4+ {[%emt 0:10:34]} 42. Kc4 {[%emt 0:02:10]} Bf4 {[%emt 0:03:04]} 43. Kb5 {[%emt 0:08:58]} Kd5 {[%emt 0:02:05]} 44. Ne1 {[%emt 0:10:28]} Bd2 {[%emt 0:00:37]} 45. Nd3 {[%emt 0:00:04]} Bxg2 {[%emt 0:00:24]} 46. h4 {[%emt 0:01:33]} Ke4 {[%emt 0:13:36]} 47. Nc4 {[%emt 0:02:19]} Bc3 {[%emt 0:00:12]} 48. Nxa5 {[%emt 0:03:15]} Bf3 {[%emt 0:13:20]} 49. Nb7 {[%emt 0:02:14]} Bd1 {[%emt 0:03:08]} 50. Nbxc5+ {[%emt 0:01:01]} Kd5 {[%emt 0:00:32]} 51. a5 {[%emt 0:01:20]} Bxa5 {[%emt 0:00:43]} 52. Kxa5 {[%emt 0:00:05]} Bxc2 {[%emt 0:00:06]} 53. b4 {[%emt 0:02:44]} Kc4 {[%emt 0:02:26]} 54. Nb2+ {[%emt 0:04:21]} Kc3 {[%emt 0:01:04]} 55. b5 {[%emt 0:00:47]} Kxb2 {[%emt 0:00:43]} 56. b6 {[%emt 0:00:05]} Be4 {[%emt 0:01:15]} 57. Nxe4 {[%emt 0:00:07]} fxe4 {[%emt 0:00:02]} 58. b7 {[%emt 0:00:04]} d3 {[%emt 0:00:20]} 59. b8=Q+ {[%emt 0:00:05]} Kc2 {[%emt 0:00:13]} 60. Qf4 {[%emt 0:01:46]} 1-0

[Event "WYCC 2018 O18"]
[Site "Halkidiki"]
[Date "2018.10.21"]
[Round "3"]
[White "Petersson, Baldur Teodor"]
[Black "Agmanov, Zhandos"]
[Result "1/2-1/2"]
[WhiteElo "2195"]
[BlackElo "2354"]
[Annotator "NA"]
[PlyCount "32"]
[EventDate "2018.10.20"]
[EventType "swiss"]
[EventCountry "GRE"]
[SourceTitle "playchess.com"]
[Source "ChessBase"]
[SourceQuality "1"]
[TimeControl "40/5400+30:1800+30"]

1. e4 {[%emt 0:00:00]} e6 {[%emt 0:00:00]} 2. d3 {[%emt 0:01:28]} d5 {[%emt 0:01:16]} 3. Nd2 {[%emt 0:00:00]} c5 {[%emt 0:00:17]} 4. Ngf3 {[%emt 0:00:10]} Nc6 {[%emt 0:00:19]} 5. g3 {[%emt 0:00:40]} g6 {[%emt 0:00:32]} 6. Bg2 {[%emt 0:00:09]} Bg7 {[%emt 0:00:07]} 7. O-O {[%emt 0:00:27]} Nge7 {[%emt 0:01:02]} 8. Re1 {[%emt 0:00:25]} O-O {[%emt 0:00:13]} 9. e5 {[%emt 0:00:37]} Qc7 {[%emt 0:00:40]} 10. Qe2 {[%emt 0:00:28]} b6 {[%emt 0:01:20]} 11. c3 {[%emt 0:00:53]} a5 {[%emt 0:00:27]} 12. h4 {[%emt 0:07:15]} Ba6 {[%emt 0:01:53]} 13. Nf1 {[%emt 0:11:19]} a4 {[%emt 0:01:10]} 14. Bf4 {[%emt 0:05:05]} b5 $11 {[%emt 0:06:28]} 15. Qd2 {[%emt 0:06:11]} Rfd8 {[%emt 0:03:17]} 16. N1h2 {[%emt 0:03:34]} Kh8 {[%emt 0:38:42]} 1/2-1/2

[Event "WYCC 2018 O18"]
[Site "Halkidiki"]
[Date "2018.10.21"]
[Round "3"]
[White "Goncalves, Davi Sulzbacher"]
[Black "Stijve, Theo"]
[Result "1-0"]
[WhiteElo "2177"]
[BlackElo "2345"]
[Annotator "TA"]
[PlyCount "167"]
[EventDate "2018.10.20"]
[EventType "swiss"]
[EventCountry "GRE"]
[SourceTitle "playchess.com"]
[Source "ChessBase"]
[SourceQuality "1"]

{[%evp 16,167,8,8,8,0,8,-16,-13,-18,6,-18,0,-33,-18,-58,-7,-49,-38,-47,-41,-91,-94,-95,-92,-331,-339,-318,-189,-225,-232,-225,-210,-272,-267,-324,-318,-312,-268,-266,-249,-263,-99,-104,-85,-84,-79,-84,-77,-82,-70,-64,-62,-61,-45,-65,-62,-83,0,0,54,76,204,211,204,212,208,212,203,185,219,210,277,276,277,277,357,344,307,301,531,520,575,571,557,550,518,511,479,0,491,477,474,468,470,454,616,584,549,507,625,625,839,838,806,798,29966,29963,6079,575,537,534,537,537,537,530,504,528,575,560,553,539,626,608,673,658,788,763,748,578,500,383,383,383,376,366,594,594,472,449,752,748,4690,4627,4618,4606,2650,2569,1708,800,616,576,29984,29985]} 1. d4 Nf6 2. Nf3 d5 3. c4 e6 4. g3 Be7 5. Bg2 O-O 6. O-O dxc4 7. Qc2 b6 {E05: Open Catalan: 5 Nf3 Be7} (7... a6 8. a4 Bd7 9. Qxc4 Bc6 10. Bf4 Nbd7 11. Qc2 Bd6 12. Bg5 h6 13. Bxf6 Nxf6 14. Nbd2 Bb4 15. e3 a5 16. Rfd1 Rc8 17. Rac1 Bxf3 18. Bxf3 c6 {½-½ (42) Ding,L (2804)-Giri,A (2780) Batumi 2018}) 8. Qxc4 Bb7 9. Bf4 $146 {LiveBook: 3 Games} ({Predecessor:} 9. Rd1 Nbd7 10. Bf4 Rc8 {1-0 (32) Calvo Sanchez,J-Gonzalez Carpintero,M Valladolid 1989}) 9... c5 {The position is equal.} 10. Nc3 Nbd7 11. dxc5 {Hoping for c6.} Rc8 12. Rfd1 Bxc5 13. Qa4 Bc6 14. Qa6 Qe7 $36 {[%mdl 2048] Black has good play.} 15. Nb5 Bd5 (15... Ra8 $15 16. Ne1 Bxg2 17. Nxg2 Ng4) 16. Rac1 Ne4 17. e3 {Threatens to win with b4.} Ndf6 18. b4 ({Of course not} 18. Qxa7 Qxa7 19. Nxa7 Ra8 $17) 18... Bb7 19. Qa4 Bxb4 {And now ...a6 would win.} 20. Nxa7 $2 (20. Ne5 $17) 20... Rxc1 $19 21. Rxc1 Bc5 (21... Nc3 $142 22. Rxc3 Bxc3) 22. Nc6 Qd7 $1 {...Ra8 is the strong threat.} 23. Nfe5 Qd2 $1 {[%csl LRc1,LRf2]} 24. Rf1 Ra8 $1 {[%cal Ra8a4]} 25. Qb3 g5 ({Don't play} 25... Rxa2 26. Nf3 $19) ({Don't do} 25... Qxa2 26. Qxa2 Rxa2 27. Nb8 $19) 26. Nc4 Qxa2 27. Qxa2 Rxa2 28. Be5 {[#]} Bxc6 $2 (28... Ba6 $1 $19 {[%cal Ra6c4] and Black stays clearly on top.} 29. Rc1 Nxf2 30. Bxf6 Nd3) 29. Bxf6 $17 Nxf6 30. Bxc6 Rc2 31. Ne5 Bd6 32. Ba4 Ra2 33. Nd7 Rxa4 34. Nxf6+ $15 {[%mdl 4096] Endgame KRB-KRN} Kh8 35. Rb1 Rb4 36. Ra1 Be7 ({Black should play} 36... Be5 $17 37. Ra8+ Kg7) 37. Nh5 $11 {White threatens Ra8+ and mate.} h6 (37... Kg8 $11) 38. Ra7 $14 Kh7 (38... Bd6 $16 {was worth a try.}) 39. Rxe7 $18 {aiming for h3. KRN-KR} Kg6 40. g4 $1 Rxg4+ 41. Ng3 h5 42. h3 Rb4 43. Re8 h4 44. Ne2 Rb1+ 45. Kg2 b5 46. Nd4 b4 47. Rb8 e5 $2 (47... Rb2 {was necessary.} 48. Nc6 b3) 48. Nc6 f6 49. Rxb4 Ra1 50. Rb6 Kf7 51. Nb4 Rd1 52. Nc6 $2 (52. Rb7+ $18 Ke6 53. e4) 52... Rd2 $2 {[%mdl 8192]} (52... Ra1 $1 $11 53. Nd8+ Ke7) 53. Na5 Rd5 54. Nc4 Ke7 55. Rb2 Rc5 56. Nd2 Rc6 57. Rb8 Ke6 58. Ne4 Kf5 59. Kf3 Ke6 60. Rh8 Kf5 61. Rh6 Ra6 {[#]} 62. Nc5 (62. Rxf6+ $142 $1 {[%mdl 512]} Rxf6 63. Nxf6) 62... Ra3 63. Nd7 {[%csl Gd7][%cal Rh6f6]} e4+ 64. Kg2 {[%csl Gd7][%cal Rh6f6]} Ra6 65. Rh8 Rd6 66. Nc5 Rd5 67. Nb3 Kg6 68. Re8 f5 69. Nd4 Kf7 70. Rb8 Kg6 71. Rb6+ Kh5 72. Ne6 {[%cal Re6g7]} Rd7 73. Rb5 Rf7 74. Rb8 Re7 75. Nd4 Rf7 $2 (75... Re5 76. Rg8 Kh6) 76. Rg8 Rf6 77. Kf1 g4 (77... Kh6 $142 78. Ke2 Kh5) 78. Kg2 gxh3+ 79. Kxh3 f4 80. Rh8+ Kg5 81. Rxh4 fxe3 82. Rg4+ Kh5 83. fxe3 Rf5 84. Rh4+ {Precision: White = 65%, Black = 41%.} 1-0

[Event "WYCC 2018 O18"]
[Site "Halkidiki"]
[Date "2018.10.21"]
[Round "3"]
[White "Rovira Vila, Jaume"]
[Black "Tran, Minh Thang"]
[Result "0-1"]
[WhiteElo "2156"]
[BlackElo "2341"]
[Annotator "NA"]
[PlyCount "92"]
[EventDate "2018.10.20"]
[EventType "swiss"]
[EventCountry "GRE"]
[SourceTitle "playchess.com"]
[Source "ChessBase"]
[SourceQuality "1"]
[TimeControl "40/5400+30:1800+30"]

1. e4 {[%emt 0:00:00]} c5 {[%emt 0:00:00]} 2. c3 {[%emt 0:00:00]} d5 {[%emt 0:00:12]} 3. exd5 {[%emt 0:00:00]} Qxd5 {[%emt 0:00:14]} 4. d4 {[%emt 0:00:09]} Nf6 {[%emt 0:00:12]} 5. Nf3 {[%emt 0:00:07]} e6 {[%emt 0:00:10]} 6. Na3 {[%emt 0:00:19]} cxd4 {[%emt 0:10:25]} 7. Nb5 {[%emt 0:03:43]} Na6 {[%emt 0:00:28]} 8. Qxd4 {[%emt 0:01:08]} Bc5 {[%emt 0:06:49]} 9. Qxd5 {[%emt 0:01:00]} Nxd5 {[%emt 0:00:19]} 10. Be2 {[%emt 0:01:44] B22: Sicilian: 2 c3} f6 $146 {[%emt 0:02:48]} ({Predecessor:} 10... O-O 11. O-O b6 12. c4 Nf6 13. Ne5 Bb7 14. a3 Be7 15. b4 Rfc8 16. Bb2 Nc7 17. Nd4 Nce8 {0-1 (42) Milliet,S (2354)-Sachdev,T (2423) Lyon 2008}) 11. O-O {[%emt 0:20:05]} e5 {[%emt 0:04:36]} 12. a3 {[%emt 0:08:06]} Nac7 {[%emt 0:11:17]} 13. Nxc7+ {[%emt 0:05:09]} Nxc7 {[%emt 0:00:16]} 14. b4 {[%emt 0:00:04]} Be7 {[%emt 0:03:32]} 15. c4 {[%emt 0:09:59]} g5 {[%emt 0:06:44]} 16. Bb2 {[%emt 0:06:34]} Ne6 {[%emt 0:01:48]} 17. c5 {[%emt 0:01:26]} Bd7 {[%emt 0:05:23]} 18. Bc4 {[%emt 0:13:38]} Nf4 {[%emt 0:02:48]} 19. Bc1 {[%emt 0:12:07]} O-O-O {[%emt 0:10:54]} 20. Bxf4 gxf4 {[%emt 0:00:22]} 21. a4 {[%emt 0:04:44]} Kc7 {[%emt 0:05:28]} 22. Rfc1 {[%emt 0:02:37]} Rhf8 {[%emt 0:14:39]} 23. Be2 {[%emt 0:02:45]} Rg8 {[%emt 0:02:42]} 24. b5 {[%emt 0:01:13]} e4 {[%emt 0:01:56]} 25. Ne1 {[%emt 0:01:00]} Rg5 {[%emt 0:00:27]} 26. Rc4 {[%emt 0:01:37]} Re5 {[%emt 0:02:49]} 27. Rac1 {[%emt 0:01:13]} Be6 {[%emt 0:00:24]} 28. R4c3 {[%emt 0:00:18]} Rd2 {[%emt 0:00:39]} 29. Bc4 {[%emt 0:02:00]} Bg4 {[%emt 0:01:05]} 30. Bg8 {[%emt 0:00:59]} Rg5 {[%emt 0:01:39]} 31. Bb3 {[%emt 0:00:48]} f3 {[%emt 0:01:53]} 32. g3 {[%emt 0:00:32]} Re5 {[%emt 0:00:06]} 33. Nc2 {[%emt 0:00:45]} f5 {[%emt 0:01:30]} 34. b6+ {[%emt 0:00:29]} Kb8 {[%emt 0:01:52]} 35. bxa7+ {[%emt 0:00:21]} Kxa7 {[%emt 0:00:00]} 36. Ne3 {[%emt 0:00:01]} Bg5 {[%emt 0:00:02]} 37. Nxg4 {[%emt 0:01:18]} fxg4 {[%emt 0:00:03]} 38. c6 {[%emt 0:00:01]} bxc6 {[%emt 0:01:53]} 39. Rxc6 {[%emt 0:00:44]} e3 {[%emt 0:00:23]} 40. Rc7+ {[%emt 0:00:00]} Kb6 {[%emt 0:00:00]} 41. a5+ {[%emt 0:30:11]} Kxa5 {[%emt 0:01:00]} 42. Bc4 {[%emt 0:01:01]} e2 {[%emt 0:02:27]} 43. Ra7+ {[%emt 0:00:48]} Kb6 {[%emt 0:00:13]} 44. Ra6+ {[%emt 0:00:13]} Kb7 {[%emt 0:00:18]} 45. Rb1+ {[%emt 0:00:48]} Kc7 $19 {[%emt 0:00:17]} 46. Ra7+ {[%emt 0:00:28]} Kd6 {[%emt 0:00:31]} 0-1

[Event "WYCC 2018 O18"]
[Site "Halkidiki"]
[Date "2018.10.21"]
[Round "3"]
[White "Veleshnja, Zino"]
[Black "Varacalli, Francisco"]
[Result "1/2-1/2"]
[WhiteElo "2155"]
[BlackElo "2334"]
[Annotator "NA"]
[PlyCount "84"]
[EventDate "2018.10.20"]
[EventType "swiss"]
[EventCountry "GRE"]
[SourceTitle "playchess.com"]
[Source "ChessBase"]
[SourceQuality "1"]
[TimeControl "40/5400+30:1800+30"]

1. d4 {[%emt 0:00:00]} Nf6 {[%emt 0:00:00]} 2. Bf4 {[%emt 0:00:00]} d5 {[%emt 0:03:53]} 3. e3 {[%emt 0:00:00]} e6 {[%emt 0:00:16]} 4. c3 {[%emt 0:00:00]} Bd6 {[%emt 0:02:10]} 5. Bg3 {[%emt 0:00:02]} O-O {[%emt 0:03:39]} 6. Bd3 {[%emt 0:00:12]} c5 {[%emt 0:00:34]} 7. Nd2 {[%emt 0:00:14]} Nc6 {[%emt 0:00:50]} 8. Ngf3 {[%emt 0:00:08]} b6 {[%emt 0:01:21]} 9. O-O {[%emt 0:00:15]} Bb7 {[%emt 0:01:04]} 10. e4 {[%emt 0:02:23]} Be7 $11 {[%emt 0:08:03]} (10... Bxg3 $17 11. hxg3 {[#]} Nxd4 $1 {[%mdl 512]} 12. cxd4 dxe4 13. Nxe4 Bxe4 14. Bxe4 Nxe4) 11. dxc5 {[%emt 0:03:35]} bxc5 {[%emt 0:04:58]} 12. Re1 {[%emt 0:01:36]} c4 {[%emt 0:06:48]} 13. Bc2 {[%emt 0:02:00]} Nh5 {[%emt 0:02:38]} 14. exd5 {[%emt 0:03:25]} exd5 {[%emt 0:01:12]} 15. Nf1 {[%emt 0:06:17]} Nxg3 {[%emt 0:10:58]} 16. Nxg3 {[%emt 0:00:52]} Bc8 {[%emt 0:01:02]} 17. Ba4 {[%emt 0:02:16]} Bb7 {[%emt 0:05:16]} 18. Nf5 {[%emt 0:04:41]} Bf6 {[%emt 0:02:13]} 19. N5d4 {[%emt 0:03:55]} Nb8 {[%emt 0:09:09]} 20. Qd2 {[%emt 0:06:15]} Na6 {[%emt 0:01:10]} 21. Rad1 {[%emt 0:08:27]} Nc5 {[%emt 0:00:58]} 22. Bc2 {[%emt 0:05:45]} Qb6 {[%emt 0:01:39]} 23. Re2 {[%emt 0:04:04]} Rad8 {[%emt 0:05:38]} 24. Qf4 {[%emt 0:04:18]} Ne4 {[%emt 0:01:21]} 25. h4 {[%emt 0:04:10]} Qd6 {[%emt 0:03:31]} 26. Qxd6 {[%emt 0:02:06]} Rxd6 {[%emt 0:00:23]} 27. Nd2 {[%emt 0:05:56]} Bxd4 {[%emt 0:03:46]} 28. cxd4 {[%emt 0:00:33]} Nf6 {[%emt 0:08:20]} 29. Nb1 {[%emt 0:01:48]} Re8 {[%emt 0:00:56]} 30. Rxe8+ {[%emt 0:03:56]} Nxe8 {[%emt 0:00:03]} 31. Re1 {[%emt 0:01:27]} Kf8 {[%emt 0:00:18]} 32. Nc3 {[%emt 0:00:46]} Nc7 {[%emt 0:00:49]} 33. b4 {[%emt 0:05:31]} cxb3 {[%emt 0:00:48]} 34. Bxb3 {[%emt 0:00:07]} Ba6 {[%emt 0:00:47]} 35. Re5 Bc4 {[%emt 0:01:04]} 36. Bxc4 {[%emt 0:07:00]} dxc4 {[%emt 0:00:03]} 37. d5 {[%emt 0:03:47]} f6 {[%emt 0:00:50]} 38. Re4 {[%emt 0:00:28]} Rd7 {[%emt 0:01:13]} 39. Rxc4 {[%emt 0:05:37]} Nxd5 {[%emt 0:00:14]} 40. Rd4 {[%emt 0:00:00]} Nb6 {[%emt 0:00:00]} 41. Rxd7 {[%emt 0:02:14]} Nxd7 {[%emt 0:00:22]} 42. f3 {[%emt 0:01:43]} Ke7 {[%emt 0:03:04]} 1/2-1/2

[Event "WYCC 2018 O18"]
[Site "Halkidiki"]
[Date "2018.10.21"]
[Round "3"]
[White "Asllani, Muhamet"]
[Black "Roshka, Yevgeniy"]
[Result "1-0"]
[WhiteElo "2148"]
[BlackElo "2328"]
[Annotator "NA"]
[PlyCount "147"]
[EventDate "2018.10.20"]
[EventType "swiss"]
[EventCountry "GRE"]
[SourceTitle "playchess.com"]
[Source "ChessBase"]
[SourceQuality "1"]
[TimeControl "40/5400+30:1800+30"]

1. e4 {[%emt 0:00:00]} g6 {[%emt 0:00:05]} 2. Nf3 {[%emt 0:00:00]} Bg7 {[%emt 0:00:06]} 3. d4 {[%emt 0:00:08]} d6 {[%emt 0:00:05]} 4. Bc4 {[%emt 0:00:14]} e6 {[%emt 0:00:36]} 5. O-O {[%emt 0:00:22]} a6 {[%emt 0:00:05]} 6. Re1 {[%emt 0:01:06]} Nd7 {[%emt 0:00:16]} 7. a4 {[%emt 0:01:03]} b6 {[%emt 0:00:05]} 8. Bg5 {[%emt 0:03:27]} Ne7 {[%emt 0:00:03]} 9. c3 {[%emt 0:00:58]} h6 {[%emt 0:00:08]} 10. Be3 {[%emt 0:02:17]} Bb7 {[%emt 0:00:51]} 11. Nbd2 {[%emt 0:00:24]} d5 {[%emt 0:03:43]} 12. exd5 {[%emt 0:01:53]} Nxd5 {[%emt 0:00:22]} 13. Nf1 {[%emt 0:02:22]} Nxe3 {[%emt 0:00:17]} 14. fxe3 {[%emt 0:00:21]} Nf6 {[%emt 0:03:51]} 15. Ng3 {[%emt 0:00:39]} h5 {[%emt 0:02:43]} 16. Nh1 {[%emt 0:03:39]} Ne4 {[%emt 0:24:01]} 17. Qc2 {[%emt 0:06:41]} g5 {[%emt 0:05:59]} 18. Nd2 {[%emt 0:02:17]} Nxd2 $11 {[%emt 0:01:50]} 19. Qxd2 {[%emt 0:00:13]} g4 {[%emt 0:01:12]} 20. Qd3 {[%emt 0:00:36]} Qg5 {[%emt 0:04:01]} 21. e4 {[%emt 0:02:57]} h4 {[%emt 0:02:16]} 22. Rad1 {[%emt 0:06:08]} g3 {[%emt 0:04:18]} 23. hxg3 {[%emt 0:00:38]} hxg3 {[%emt 0:00:09]} 24. Nxg3 {[%emt 0:00:32]} O-O-O {[%emt 0:12:34]} 25. Bxa6 {[%emt 0:01:01]} Be5 {[%emt 0:01:33]} 26. Bxb7+ {[%emt 0:00:53]} Kxb7 {[%emt 0:02:21]} 27. Nf1 {[%emt 0:02:10]} Rdg8 {[%emt 0:11:09]} 28. Qf3 {[%emt 0:03:47]} Bf4 {[%emt 0:01:34]} 29. e5+ {[%emt 0:00:38]} c6 {[%emt 0:02:28]} 30. b4 {[%emt 0:00:34]} Qg4 {[%emt 0:04:43]} 31. Rd3 {[%emt 0:01:31]} Qh4 {[%emt 0:01:49]} 32. g3 {[%emt 0:01:44]} Rxg3+ {[%emt 0:04:26]} 33. Nxg3 {[%emt 0:00:24]} Rg8 {[%emt 0:01:40]} 34. Re4 {[%emt 0:00:26]} Rg4 {[%emt 0:00:11]} 35. b5 {[%emt 0:00:54]} Kb8 {[%emt 0:01:11]} 36. Rxf4 {[%emt 0:01:08]} Rxf4 {[%emt 0:00:01]} 37. Qxc6 {[%emt 0:00:38]} Qh7 {[%emt 0:00:55]} 38. Qxb6+ {[%emt 0:00:11]} Kc8 {[%emt 0:00:04]} 39. Qc6+ {[%emt 0:00:49]} Kd8 {[%emt 0:00:09]} 40. Rf3 {[%emt 0:00:00]} Qb1+ {[%emt 0:00:00]} 41. Kg2 {[%emt 0:03:36]} Qc2+ {[%emt 0:01:41]} 42. Kh3 {[%emt 0:00:12]} Qh7+ {[%emt 0:00:18]} 43. Kg2 {[%emt 0:00:17]} Qc2+ {[%emt 0:00:06]} 44. Kg1 {[%emt 0:00:18]} Qd1+ {[%emt 0:05:03]} 45. Rf1 {[%emt 0:00:43]} Qd3 {[%emt 0:00:48]} 46. Qg2 {[%emt 0:01:46]} Qe3+ {[%emt 0:00:47]} 47. Rf2 {[%emt 0:00:20]} Rg4 {[%emt 0:00:30]} 48. Qa8+ {[%emt 0:01:24]} Kc7 {[%emt 0:01:27]} 49. Kf1 {[%emt 0:01:25]} Qd3+ {[%emt 0:00:15]} 50. Ke1 {[%emt 0:01:50]} Qxg3 {[%emt 0:02:34]} 51. Qf3 {[%emt 0:00:54]} Qh4 {[%emt 0:01:24]} 52. Qxf7+ {[%emt 0:00:02]} Kb8 {[%emt 0:00:07]} 53. Qe8+ {[%emt 0:01:00]} Kb7 {[%emt 0:00:19]} 54. Qc6+ {[%emt 0:00:28]} Kb8 {[%emt 0:00:10]} 55. Qf3 {[%emt 0:01:45]} Rg8 {[%emt 0:03:45]} 56. Kd2 {[%emt 0:00:24]} Qg5+ {[%emt 0:01:14]} 57. Kc2 {[%emt 0:00:04]} Qg6+ {[%emt 0:00:41]} 58. Kb2 {[%emt 0:00:04]} Rc8 {[%emt 0:00:44]} 59. Rc2 {[%emt 0:00:34]} Qe8 {[%emt 0:00:24]} 60. c4 {[%emt 0:00:14]} Qd8 {[%emt 0:00:39]} 61. d5 {[%emt 0:00:24]} Qa5 {[%emt 0:00:54]} 62. Kb3 {[%emt 0:00:16]} exd5 {[%emt 0:00:36]} 63. Qxd5 {[%emt 0:00:21]} Rd8 {[%emt 0:00:12]} 64. Qe4 {[%emt 0:00:50]} Rd1 {[%emt 0:00:14]} 65. Rh2 {[%emt 0:00:36]} Qd8 {[%emt 0:01:02]} 66. Rh7 {[%emt 0:01:27]} Rd3+ {[%emt 0:00:36]} 67. Kb4 {[%emt 0:00:12]} Rd7 {[%emt 0:01:41]} 68. Rxd7 {[%emt 0:00:28]} Qxd7 {[%emt 0:00:01]} 69. Qd5 {[%emt 0:00:15]} Qg7 {[%emt 0:00:18]} 70. b6 {[%emt 0:00:28]} Qf8+ {[%emt 0:06:34]} 71. Qd6+ {[%emt 0:00:13]} Kb7 {[%emt 0:00:03]} 72. a5 {[%emt 0:00:36]} Qf7 {[%emt 0:01:18]} 73. Qd5+ {[%emt 0:00:10]} Ka6 {[%emt 0:00:05]} 74. Qa8+ {[%emt 0:00:10]} 1-0

[Event "WYCC 2018 O18"]
[Site "Halkidiki"]
[Date "2018.10.21"]
[Round "3"]
[White "Giesinger, Elias"]
[Black "Szustakowski, Antoni"]
[Result "1-0"]
[WhiteElo "2131"]
[BlackElo "2319"]
[Annotator "NA"]
[PlyCount "103"]
[EventDate "2018.10.20"]
[EventType "swiss"]
[EventCountry "GRE"]
[SourceTitle "playchess.com"]
[Source "ChessBase"]
[SourceQuality "1"]
[TimeControl "40/5400+30:1800+30"]

1. d4 {[%emt 0:00:00]} Nf6 {[%emt 0:00:00]} 2. Nf3 {[%emt 0:00:00]} e6 {[%emt 0:00:00]} 3. c4 {[%emt 0:00:05]} d5 {[%emt 0:00:00]} 4. g3 {[%emt 0:00:25]} Be7 {[%emt 0:00:00]} 5. Bg2 {[%emt 0:00:20]} O-O {[%emt 0:00:06]} 6. O-O {[%emt 0:00:05]} c6 {[%emt 0:00:08]} 7. Qc2 {[%emt 0:01:16]} b6 {[%emt 0:00:07]} 8. Nbd2 {[%emt 0:00:57]} Nbd7 {[%emt 0:00:08]} 9. e4 {[%emt 0:01:41]} dxc4 {[%emt 0:00:07]} 10. Nxc4 {[%emt 0:00:39]} Bb7 {[%emt 0:00:06]} 11. Rd1 {[%emt 0:01:04]} c5 {[%emt 0:00:07]} 12. e5 {[%emt 0:00:38] E09: Closed Catalan: Main Line: 7 Qc2 c6 8 Nbd2} (12. Ng5 h6 13. e5 Bxg2 14. exf6 Nxf6 15. Kxg2 hxg5 16. dxc5 Qc7 17. cxb6 axb6 18. Qe2 Rfc8 19. b3 b5 {1-0 (94) Howell,D (2698)-Lopez Martinez,J (2607) Heraklio 2017}) 12... Nd5 {[%emt 0:00:05]} 13. Nd6 {[%emt 0:00:13]} Bxd6 {[%emt 0:03:57]} 14. Ng5 {[%emt 0:02:36]} g6 {[%emt 0:00:31]} 15. exd6 {[%emt 0:00:09]} Nb4 $146 {[%emt 0:27:07]} ({Predecessor:} 15... c4 16. Qe4 N7f6 17. Qe5 h6 18. Nh3 Kh7 19. Re1 Ne8 {1-0 (29) Baenziger,F (2373)-Chukavin,K (2291) Riga 2018}) 16. Qd2 {[%emt 0:14:43]} Bxg2 {[%emt 0:00:09]} 17. Kxg2 {[%emt 0:00:07]} Nd5 {[%emt 0:03:53]} 18. b3 {[%emt 0:04:16]} N7f6 {[%emt 0:02:38]} 19. dxc5 {[%emt 0:03:48]} bxc5 $14 {[%emt 0:01:12]} 20. Bb2 {[%emt 0:01:27]} Qxd6 {[%emt 0:00:36]} 21. Rac1 {[%emt 0:08:11]} e5 {[%emt 0:22:39]} 22. Rc4 {[%emt 0:19:56]} Rad8 {[%emt 0:06:24]} 23. Kg1 {[%emt 0:00:50]} Qe7 {[%emt 0:00:58]} 24. Qe2 {[%emt 0:03:38]} Nb6 {[%emt 0:08:31]} 25. Rcc1 {[%emt 0:01:08]} Rxd1+ {[%emt 0:02:36]} 26. Rxd1 {[%emt 0:00:25]} Nfd5 {[%emt 0:02:01]} 27. Ne4 {[%emt 0:03:35]} f6 {[%emt 0:07:58]} 28. a4 {[%emt 0:01:28]} Nc7 {[%emt 0:07:22]} 29. a5 {[%emt 0:01:30]} Nc8 {[%emt 0:00:50]} 30. Ba3 {[%emt 0:09:42]} Ne6 {[%emt 0:02:52]} 31. Nxc5 {[%emt 0:02:29]} Nxc5 {[%emt 0:01:04]} 32. Qc4+ {[%emt 0:00:07]} Qf7 {[%emt 0:00:54]} 33. Bxc5 {[%emt 0:04:07]} Qxc4 {[%emt 0:00:43]} 34. bxc4 {[%emt 0:00:06]} Re8 {[%emt 0:00:04]} 35. Rd7 {[%emt 0:00:13]} a6 {[%emt 0:00:41]} 36. h4 {[%emt 0:01:38]} h5 {[%emt 0:00:28]} 37. Kf1 {[%emt 0:00:28]} f5 {[%emt 0:00:28]} 38. Ke2 {[%emt 0:01:53]} Kh8 {[%emt 0:00:35]} 39. Kd2 {[%emt 0:02:56]} Kg8 {[%emt 0:00:06]} 40. Kc3 {[%emt 0:00:00]} f4 {[%emt 0:00:00]} 41. gxf4 {[%emt 0:06:14]} exf4 {[%emt 0:01:43]} 42. f3 {[%emt 0:06:39]} g5 {[%emt 0:01:05]} 43. hxg5 {[%emt 0:03:20]} h4 {[%emt 0:00:06]} 44. g6 {[%emt 0:01:53]} h3 {[%emt 0:00:06]} 45. Rh7 {[%emt 0:01:00]} Re6 {[%emt 0:00:05]} 46. Rxh3 {[%emt 0:04:19]} Rxg6 {[%emt 0:00:12]} 47. Rh4 {[%emt 0:00:57]} Rg5 {[%emt 0:00:44]} 48. Rg4 {[%emt 0:03:00]} Rxg4 {[%emt 0:00:28]} 49. fxg4 {[%emt 0:00:03]} Kf7 {[%emt 0:00:06]} 50. Kd4 {[%emt 0:00:11]} Kg6 {[%emt 0:00:05]} 51. Ke4 {[%emt 0:00:07]} Kg5 {[%emt 0:00:03]} 52. Kf3 {[%emt 0:00:07]} 1-0